El control de las cláusulas abusivas a través del registro de condiciones generales de la contratación (Record no. 67692)

MARC details
000 -LEADER
campo de control de longitud fija 00975nam a2200265 i 4500
001 - NÚMERO DE CONTROL
campo de control 67692
003 - IDENTIFICADOR DE NÚMERO DE CONTROL
campo de control ES-MaACL
005 - FECHA Y HORA DE LA ÚLTIMA TRANSACCIÓN
campo de control 20230906170131.0
007 - CAMPO FIJO DE DESCRIPCIÓN FÍSICA--INFORMACIÓN GENERAL
campo de control de longitud fija t|
008 - DATOS DE LONGITUD FIJA--INFORMACIÓN GENERAL
campo de control de longitud fija 040611s2003 sp ||||1| spa d
020 ## - NÚMERO INTERNACIONAL ESTÁNDAR DEL LIBRO
Número Internacional Estándar del Libro 84-95240-89-0
080 ## - NÚMERO DE LA CLASIFICACIÓN DECIMAL UNIVERSAL
Número de la Clasificación Decimal Universal 347.714(460)
080 ## - NÚMERO DE LA CLASIFICACIÓN DECIMAL UNIVERSAL
Número de la Clasificación Decimal Universal 347.441.134(460)
100 1# - ENTRADA PRINCIPAL--NOMBRE DE PERSONA
Nombre de persona Ruiz-Rico Ruiz, Catalina.
9 (RLIN) 100909
245 13 - MENCIÓN DEL TÍTULO
Título El control de las cláusulas abusivas a través del registro de condiciones generales de la contratación
Resto del título : apuntes críticos al Real Decreto 1828/1999, de 3 de diciembre /
Mención de responsabilidad, etc. Catalina Ruiz-Rico Ruiz.
260 ## - PUBLICACIÓN, DISTRIBUCIÓN, ETC.
Lugar de publicación, distribución, etc. [Madrid] :
Nombre del editor, distribuidor, etc. Servicio de Estudios del Colegio de Registradores,
Fecha de publicación, distribución, etc. [2003]
300 ## - DESCRIPCIÓN FÍSICA
Extensión 152 p. ;
Dimensiones 21 cm.
490 1# - MENCIÓN DE SERIE
Mención de serie Magenta ;
Designación de volumen o secuencia 8
610 27 - PUNTO DE ACCESO ADICIONAL DE MATERIA--NOMBRE DE ENTIDAD CORPORATIVA
Nombre de entidad corporativa o nombre de jurisdicción como elemento de entrada Registro de Condiciones Generales de Contratación (España)
9 (RLIN) 6412
650 14 - PUNTO DE ACCESO ADICIONAL DE MATERIA--TÉRMINO DE MATERIA
Término de materia o nombre geográfico como elemento de entrada Cláusulas abusivas-
Subdivisión geográfica España.
9 (RLIN) 11115
730 #0 - ASIENTO SECUNDARIO--TITULO UNIFORME
Título uniforme Magenta (Madrid)
9 (RLIN) 122817
830 0# - PUNTO DE ACCESO ADICIONAL DE SERIE-TÍTULO UNIFORME
Título uniforme Magenta ;
Designación de volumen o secuencia 8
9 (RLIN) 183179
852 4# - LOCALIZACIÓN
Ubicación BA
Número de control de estantería L-27900
Holdings
Estatus retirado Estado de pérdida Estado de daño No para préstamo Biblioteca de origen Biblioteca actual Ubicación en estantería Fecha de adquisición Fuente de adquisición Total de préstamos Signatura topográfica completa Código de barras Visto por última vez Precio de reemplazo Tipo de ítem Koha
        Biblioteca del Ateneo de Madrid Biblioteca del Ateneo de Madrid Depósito 2 17/01/2008     L-27900 1070873 23/02/2023 23/02/2023 Libro impreso